| 000 | 01453 a2200217 4500 | ||
|---|---|---|---|
| 001 | 22199 | ||
| 005 | 20260407155510.0 | ||
| 008 | 260407a1993 arg spa d | ||
| 003 | AR-UNSa-BCEJYS | ||
| 040 |
_aAR-UNSa-BCEJYS _bspa _cAR-UNSa-BCEJYS |
||
| 080 |
_a658.155 _xGanancias. Pérdidas. Rentabilidad |
||
| 245 | 1 | 0 |
_aCriterios de evaluación de proyectos _pcómo medir la rentabilidad de la inverisones |
| 020 | _a84-481-0067-0 | ||
| 264 | 1 |
_aMadrid : _bMcGraw-Hill _c1993 |
|
| 300 |
_a143 p. _c23 cm. |
||
| 505 | _a1. Nuevo enfoque para la evaluación de proyectos - 2. Limitaciones al trabajo del evaluador; las variables del entorno - 3. Viabilidad de un proyecto - 4. Estudio de mercado:una visión mas amplia - 5. Mercado consumidor - 6. Una estrategia comercial para el proyecto - 7. Influencia del estudio técnico - 8. Optimizar el proyecto - 9. El problema organizacional - 10. Inversiones que deben y no deben incluirse - 11. Inversiones en capital de trabajo - 12. Los beneficios del proyecto - 13. Valores de desecho - 14. Proyectar el flujo de caja - 15. El aporte de las matemáticas financiera - 16. Opciones para medir la rentabilidad - 17. Sensibilización del proyecto - 18. A modo de conclusión. | ||
| 942 | _cBK | ||
| 590 | _aniveau_biblio:m niveau_hierar:0 | ||
| 100 | 1 | _aSapag Chain, Nassir | |
| 856 | 4 | 1 |
_uhttps://biblioeco.unsa.edu.ar/pmb/images/libros/Criterios de Evaluacion de Proyectos.jpg _yImagen de portada _qimage/jpeg |
| 999 |
_c920 _d920 |
||